000 00398cam a2200169 4500
001 D12944
008 090401t1902 xxu||||| |||| 00| 0 eng d
035 _a(Sirsi) u6775
041 _aeng
100 _aHenderson, Richard
245 4 _aThe modern homestead
260 _aLondon
_bThe Country Gentlemen`s Assoc
_c1902
350 _a0
520 _aShelf 116
942 _n0
948 _c04/03/1997
999 _c86348
_d86348